| 000 | 00458nam a2200169Ia 4500 | ||
|---|---|---|---|
| 008 | 221030s9999 xx 000 0 und d | ||
| 020 | _a8185814273 | ||
| 041 | _aEnglish | ||
| 082 |
_a105.23 _bSam |
||
| 100 | _aT. G. Sambanthan | ||
| 245 | 0 |
_aInteractive Computer Graphics Aided Design _cby T. G. Sambanthan, N. Subramanian |
|
| 260 |
_bWheeler Pub. _aNew Delhi _c1994 |
||
| 300 | _a166 | ||
| 650 | _aBE Computer | ||
| 700 | _aN. Subramanian | ||
| 942 | _cBK | ||
| 999 |
_c2529 _d2529 |
||